Die Kupferstiche des Veit Stoss

Titel: Die Kupferstiche des Veit Stoss / Fritz Koreny
Verfasser:
In: Veit Stoss, (1985), Seite 141-168
alle Artikel anzeigen
Veröffentlicht: 1985
Umfang: Illustrationen
Format: Aufsatz
Sprache: Deutsch
Schlagworte:
Kein Bild verfügbar
X
alg: 54314796
001A    $03025:23-03-26 
001B    $03025:23-03-26 $t12:26:14.000 
001D    $03025:23-03-26 
001U    $0utf8 
001X    $00 
002@    $0Aou 
002C    $aText $btxt $2rdacontent 
002D    $aohne Hilfsmittel zu benutzen $bn $2rdamedia 
002E    $aBand $bnc $2rdacarrier 
003@    $0543147967 
010@    $ager 
010E    $erda 
011@    $a1985 
021A    $aDie @Kupferstiche des Veit Stoss $hFritz Koreny 
028A    $BVerfasser $4aut $71024047148 $8Koreny, Fritz$Z1940- [Tp3] $9305231499 
031A    $h141-168 $j1985 
034M    $aIllustrationen 
039B    $aEnthalten in $8--Aau--. Veit Stoss. - München : Dt. Kunstverlag, 1985. - 355 Seiten. - Illustrationen. - ISBN 3-422-00756-3 $x198500000000000859 $900447130X 
044K    $#Stwosz, Wit $#Stosz, Wit $#Stoss, Veit $#Stoss, Guy $7118618768 $8Stoß, Veit$Z1447-1533 [Tp1] $9086959719 
044K    $RStich $RStahlstich $RKupferstecher $#Engraving $#Gravure $#Incisione $74033760-1 $8Kupferstich [Ts1] $9085090212 
045F    $a709.43809031 $eDDC23BSB 
045F/01 $a709 
045F/01 $f09024 
045F/03 $f09031 
045F/03 $g438 

lok: 54314796 78

exp: 54314796 78 1 #EPN
201B/01 $023-03-26 $t12:26:31.000 
201C/01 $023-03-26 
201U/01 $0utf8 
203@/01 $01338937928 
208@/01 $a23-03-26 $be 
209A/01 $a/ $f000 $x00 
209A/01 $ab*p $x01 
220C/01 $apgar 
244Z/01 $#Generalgouvernement Polen $#Polska $#Rzeczpospolita Polska $#Polska Rzeczpospolita Ludowa $#Poland $#Pologne $#République Polonaise $#Generalne Gubernatorstwo w Polsce $#Polish People's Republic $#Polska Rzeczpospolita Polen $#PRL $#RP $#Polen Generalgouvernement $#Polska Generalgouvernement $#Besetzte Polnische Gebiete $#Besetztes Gebiet in Polen $#Okupowane Polskie Obszary $#Obszary Okupowane w Polsce $#Volksrepublik Polen $#Polska Rosyjska $#Republic Polen $#Respublika Pol'ša $#Pol'skaja Narodnaja Respublika $#République de Pologne $#Polen Links der Weichsel $#Polska po Lewej Stronie Wisły $#Lenkija $#Polija $#Gubernija Carstva Pol'skago $#Republik Polen $74046496-9 $8--Tg1--Polen $x01 $9085129801 
247C/01 $82080>Marburg/Lahn, Herder-Institut, Forschungsbibliothek, Bibliographieportal $9336309341
LEADER 00000naa a2200000 c 4500
001 543147967
003 DE-603
005 20260323122614.0
007 tu
008 260323s1985 xx |||| | u00||u|ger c
035 |a (DE-599)HEB543147967 
040 |a DE-603  |b ger  |c DE-603  |d DE-603  |e rda 
041 |a ger 
082 0 4 |8 1\u  |a 709.43809031  |q DE-101  |2 23/BSB 
085 |8 1\u  |b 709 
085 |8 1\u  |z 1  |s 09031 
085 |8 1\u  |z 2  |s 438 
100 1 |a Koreny, Fritz  |d 1940-  |e Verfasser  |4 aut  |0 (DE-603)305231499  |0 (DE-588)1024047148  |2 gnd 
245 0 0 |a ˜Dieœ Kupferstiche des Veit Stoss  |c Fritz Koreny 
264 0 |c 1985 
300 |b Illustrationen 
336 |a Text  |b txt  |2 rdacontent 
337 |a ohne Hilfsmittel zu benutzen  |b n  |2 rdamedia 
338 |a Band  |b nc  |2 rdacarrier 
600 1 7 |a Stoß, Veit  |d 1447-1533  |0 (DE-588)118618768  |0 (DE-603)086959719  |2 gnd 
650 7 |a Kupferstich  |0 (DE-588)4033760-1  |0 (DE-603)085090212  |2 gnd 
773 0 8 |i Enthalten in  |t Veit Stoss  |d München : Dt. Kunstverlag, 1985  |h 355 Seiten, Illustrationen  |z 3422007563  |g (1985), Seite 141-168  |w (DE-603)00447130X 
924 0 |9 2080  |a (DE-603)1338937928  |b DE-2080  |c HES  |d d  |g /